[Event "World Amateur-ch U2000"]
[Site "Spoleto"]
[Date "2017.04.02"]
[Round "3"]
[White "Soronzonbold, Lkhagvadorj"]
[Black "Borodavkin, Anatoly"]
[Result "0-1"]
[WhiteElo "1947"]
[BlackElo "1994"]
[PlyCount "56"]
[EventDate "2017.04.01"]
[EventType "swiss"]
[EventRounds "9"]
[EventCountry "ITA"]
[SourceTitle "EXT 2024"]
[Source "ChessBase"]
[SourceDate "2023.10.10"]
[SourceVersion "1"]
[SourceVersionDate "2023.10.10"]
[SourceQuality "1"]

1. e4 e5 2. Nf3 Nf6 3. Bb5 c6 4. Ba4 Nxe4 5. 0-0 Be7 6. Nxe5 Qa5 7. Qf3 Qxe5 8. Re1 d5 9. d3 Qd4 10. dxe4 Qxa4 11. exd5 cxd5 12. Nc3 Qa5 13. Bg5 Nc6 14. Nxd5 Be6 15. Nxe7 Qxg5 16. Nxc6 bxc6 17. Qxc6+ Ke7 18. Qb7+ Kf6 19. Re3 g6 20. Rae1 Qd5 21. Qc7 Rhc8 22. Rf3+ Kg7 23. Qe7 Rxc2 24. h3 Rac8 25. Kh2 Kg8 26. Qf6 Qd6+ 27. g3 Rc1 28. Rc3 R8xc3 0-1